000 00357nam a2200145Ia 4500
008 191201s2005 xx 000 0 und d
082 _a621.3811
_bTAP
100 _aTAUB, Herbert
245 0 _aPrinciples of Communication Systems
250 _a2nd
260 _aN.Delhi
_bTata Mc Graw Hill
_c2005
300 _a759
650 _aB.Tech(ECE)
942 _2ddc
_cBK
999 _c916
_d916